000 00840nam a22002057a 4500
999 _c13796
_d13796
003 AR-CdUCM
008 190416b ||||| |||| 00| 0 spa d
040 _aMUNICIPALIDAD PROVINCIAL DEL CUSCO
_cBIBLIOTECA MUNICIPAL DEL CUSCO
082 _a985.61 /
_bN32 / 1948
100 _aNavarro del Aguila, Víctor
_932360
245 _aFolklore nacional :
_bCalendario de fiestas populares del departamento del Cusco /
260 _aCusco :
_bH. G. Rozas Sucs,
_c1947.
300 _a101 paginas ;
_c20 cm.
505 _aContenido : Calendario de fiestas populares del departamento del Cusco -- Danzas populares del Perú -- Resumen bibliográfico de trabajos de investigación publicadas en diferentes revistas.
650 _aFolclore
_93233
650 _aPerú
_935
650 _aCusco
_9772
942 _2ddc
_cLIBROS
945 _arjall
_d2019-04-16